000 01706nam a2200229Ia 4500
003 Ost
005 20260507075655.0
008 260507s9999||||xx |||||||||||||| ||und||
040 _cfsecg
041 _aara
082 _a346.07
100 _aالبارودي، علي
_eمؤلف
245 0 _aالأوارق التجارية والإفلاس وفقا لقانون التجارة الجديد رقم 17 لسنة 1999 /
_c علي البارودي
260 _aالاسكندرية:
_bالدار الجامعية الجديدة,
_c2004
300 _a332 صفحة؛
_bإيضاحات ؛
_c24 سم
520 _aالتعريف بالأوراق التجارية وأنواعها ووظائفها، الأسس التي تقوم عليها قواعد قانون الصرف، تشريع الأوراق التجارية، انشاء الكمبيالة، تداول الكمبيالة، تداول الكمبيالة، ضمانات الوفاء بالكمبيالة، الوفاء بالكمبيالة، السقوط والتقادم، أثر التعامل بالكمبيالة، السقوط والتقادم، أثر التعامل بالكمبيالة في الدين الأصلي، السند الأدنى (أو للأمر)، الافلاس، تفادي التاجر للتاجر لشهر افلاسه، شهر الافلاس، الآثار المترتبة على حكم الافلاس، الآثار المترتبة على حكم الافلاس، مصير التفليسة.
653 _aالافلاس
653 _aالأوراق التجارية- الإفلاس
653 _aالأوراق النقدية
700 _aلعريني، محمد فريد
_eمؤلف ثانوي
942 _cكتاب
999 _c45688
_d45688